000
00217nam a22000857a 4500
008
161026b xxu||||| |||| 00| 0 eng d
100
_9
962
_a
Khera.S.
245
_a
You Can Win
260
_a
Gungaon
_b
Macmilan Publications
_c
2013
999
_c
3619
_d
3619